| 000 | 00728nam a2200241Ia 4500 | ||
|---|---|---|---|
| 003 | OSt | ||
| 005 | 20220925204127.0 | ||
| 006 | a|||||r|||| 00| 0 | ||
| 007 | ta | ||
| 008 | 220923b |||||||| |||| 00| 0 eng d | ||
| 020 | _a9879221200451 | ||
| 037 | _cGeneral Book | ||
| 040 |
_aRTL _cRTL _beng |
||
| 041 |
_2eng _aeng |
||
| 082 | _aXM5:97D.49G, P7 | ||
| 100 |
_aAHN Pong-Sul Ed. _9267765 |
||
| 245 | 0 |
_aOrganizing for decent work in the informal economy _b Strategies, methods and practice |
|
| 260 |
_aGeneva _bI L O _c2007 |
||
| 300 |
_axxii, 190p _ccm. |
||
| 650 |
_aMultinational Corporate _9267766 |
||
| 942 |
_hXM5:97D.49G, P7 _cGB _2CC |
||
| 999 |
_c548625 _d548625 |
||